Triedenie účtovných jednotiek v roku 2018
Zákonom č. 352/2013 Z. z., ktorým sa novelizoval zákon o účtovníctve, sa od 1. januára 2014 ustanovila možnosť zatriedenia účtovných jednotiek ako tzv. mikro účtovná jednotka. Tie účtovné jednotky, ktoré sa nezatriedili alebo sa nemohli zatriediť ako mikro účtovná jednotka, považovali sa za tzv. ost...
Gespeichert in:
| 1. Verfasser: | |
|---|---|
| Format: | Buchkapitel |
| Sprache: | Slowakisch |
| Schlagworte: | |
| Tags: |
Keine Tags, Fügen Sie das erste Tag hinzu!
|
MARC
| LEADER | 00000naa a2200000 4500 | ||
|---|---|---|---|
| 001 | 0246969 | ||
| 005 | 20180815085715.6 | ||
| 041 | 0 | |a slo | |
| 044 | |a SK | ||
| 245 | 1 | 0 | |a Triedenie účtovných jednotiek v roku 2018 |c Ľudmila Novotná |
| 520 | |a Zákonom č. 352/2013 Z. z., ktorým sa novelizoval zákon o účtovníctve, sa od 1. januára 2014 ustanovila možnosť zatriedenia účtovných jednotiek ako tzv. mikro účtovná jednotka. Tie účtovné jednotky, ktoré sa nezatriedili alebo sa nemohli zatriediť ako mikro účtovná jednotka, považovali sa za tzv. ostatné účtovné jednotky. Ilustračné príklady. | ||
| 610 | 2 | 0 | |a novelizácia |
| 610 | 2 | 0 | |a Slovensko |
| 610 | 2 | 0 | |a zákony |
| 610 | 2 | 0 | |a pravidlá účtovné |
| 610 | 2 | 0 | |a jednotka účtovná |
| 610 | 2 | 0 | |a zákonník obchodný |
| 100 | 1 | |a Novotná, Ľudmila | |